[Event "TCh-NOR Final"]
[Site "Trondheim NOR"]
[Date "2004.05.20"]
[Round "2"]
[White "Hanssen,G"]
[Black "Ogaard,L"]
[Result "0-1"]
[WhiteElo "2249"]
[BlackElo "2390"]

1.d4 Nf6 2.c4 e6 3.Nc3 Bb4 4.Nf3 Ne4 5.Qc2 f5 6.g3 O-O 7.Bg2 d6 8.O-O Bxc3
9.bxc3 Nd7 10.Ne1 Nef6 11.Rb1 Rb8 12.Nd3 Re8 13.Rd1 Qe7 14.c5 dxc5 15.Ba3 Qf7
16.Bxc5 b6 17.Ba3 Bb7 18.Bxb7 Rxb7 19.Qa4 Rbb8 20.Bc1 e5 21.dxe5 Nxe5 22.Nxe5 Rxe5
23.Bf4 Rxe2 24.Qxa7 Rc8 25.Qb7 Ree8 26.a4 Qc4 27.Rd4 Qxc3 28.Be5 Ng4 29.Qd5+ Kh8
30.Bf4 Nxf2 31.Rc1 Nh3+ 32.Kg2 Nxf4+  0-1

[Event "5th IECC"]
[Site "Antalya TUR"]
[Date "2004.05.23"]
[Round "8"]
[White "Stocek,J"]
[Black "Stefansson,H"]
[Result "1-0"]
[WhiteElo "2543"]
[BlackElo "2567"]

1.d4 Nf6 2.c4 e6 3.Nc3 Bb4 4.Nf3 c5 5.g3 O-O 6.Bg2 cxd4 7.Nxd4 d5 8.O-O dxc4
9.Nc2 Be7 10.Qxd8 Rxd8 11.Ne3 Nc6 12.Nxc4 Nd5 13.Bd2 Nd4 14.Rfd1 Bd7 15.Ne5 Bf6
16.Nxd7 Rxd7 17.Nxd5 exd5 18.Kf1 Ne6 19.Rab1 Rad8 20.b4 Ng5 21.Rbc1 Ne4 22.Be1 h5
23.Rd3 Be5 24.h4 f5 25.Bf3 g6 26.e3 Kg7 27.Bd1 d4 28.Ba4 Rd5 29.Bb3 R5d7
30.Ba4 Rd5 31.Bb3 R5d7 32.Rcd1 Rd6 33.exd4 Rxd4 34.Ke2 b6 35.Rxd4 Rxd4 36.Rxd4 Bxd4
37.f3 Nd6 38.Kd3 Be5 39.a4 f4 40.g4 g5 41.hxg5 hxg4 42.fxg4 Kg6 43.Bh4 Nf7
44.Ke4 Bd6 45.Bc2 Bxb4 46.Kxf4+ Kg7 47.g6 Nh8 48.Kf5 Bc3 49.Bd3 Nxg6 50.Bg3 Ne7+
51.Ke6 Nc6 52.Be4 Nb4 53.Kd6 Na6 54.Bc2 Nc5 55.Bf4 Kf6 56.g5+ Kg7 57.Be3 Kf7
58.Kc7 Be5+ 59.Kc6 Kg7 60.Kd5 Bc3 61.Bf4 Bb2 62.Kc4 Ne6 63.Be3 Nc5 64.Kb5 Bc3
65.Bxc5  1-0

[Event "5th IECC"]
[Site "Antalya TUR"]
[Date "2004.05.25"]
[Round "10"]
[White "Stocek,J"]
[Black "Anastasian,A"]
[Result "1/2-1/2"]
[WhiteElo "2543"]
[BlackElo "2587"]

1.d4 Nf6 2.c4 e6 3.Nc3 Bb4 4.Nf3 c5 5.g3 Bxc3+ 6.bxc3 d6 7.Bg2 O-O 8.O-O Nc6
9.Bf4 Re8 10.Qd3 Nh5 11.Bg5 Qc7 12.Rfd1 e5 13.dxe5 dxe5 14.Nh4 h6 15.Be3 Nf6
16.Nf5 Bxf5 17.Qxf5 Ne7 18.Qb1 Rab8 19.a4 a5 20.Ra2 b6 21.Rb2 Ng4 22.Bc1 Rbd8
23.Bd5 Nc8 24.Rbd2 Nf6 25.Rd3 Rd6 26.e4 Rdd8 27.Rf3 Ne7 28.Kg2 Rd6 29.Qc2 Qd7
30.h3 Rd8 31.Re1 Ng6 32.Rf5 Re8 33.Re3 Nf8 34.h4 Qe7 35.h5 N8d7 36.Ref3 Nxd5
37.cxd5 f6 38.c4 Nf8 39.Rb3 Nd7 40.f4 Nf8 41.fxe5 fxe5 42.Rbf3 Nd7 43.Bb2 Rf6
44.Rxf6 gxf6 45.Qe2 Qh7 46.Bc1 Kf7 47.Rf5 Ke7 48.Qd2 Rh8 49.Qb2 Qg7 50.Qe2 Rg8
51.Rf3 Qg4 52.Re3 Qxe2+ 53.Rxe2 Kf7 54.Kf3 Rb8 55.Rb2 Re8 56.Bd2 Rh8 57.Rb1 Rg8
58.Rh1 Rh8 59.Rh3 Nb8 60.Rh4 Nd7 61.Be1 Nb8 62.Bd2 Nd7 63.Rh1 Rh7 64.Kg4 Rg7+
65.Kf3 Rh7 66.Kg4 Rg7+ 67.Kh3 Rg8 68.Rg1 Rh8 69.Rh1 Rg8 70.Rb1 Ke7 71.Rb3 Kf7
72.Kh4 Rh8 73.Kg4 Rg8+ 74.Kf5 Rg7 75.Rb5 Rg8 76.g4 Rh8 77.Rb1 Rh7 78.Rb2 Rh8
79.Rb3 Ke7 80.Rb1 Kf7 81.Rb2 Ke7 82.Rb5 Kf7 83.Rb1  1/2-1/2

[Event "5th IECC"]
[Site "Antalya TUR"]
[Date "2004.05.29"]
[Round "13"]
[White "Milov,V"]
[Black "Parligras,M"]
[Result "1-0"]
[WhiteElo "2680"]
[BlackElo "2549"]

1.d4 Nf6 2.c4 e6 3.Nc3 Bb4 4.Nf3 b6 5.Bg5 Bb7 6.Nd2 c5 7.d5 h6 8.Bh4 exd5
9.cxd5 Qe7 10.Qc2 O-O 11.O-O-O Bxc3 12.bxc3 Bxd5 13.e4 Bc6 14.f4 d6 15.Re1 g5
16.fxg5 Nh7 17.Bg3 Nxg5 18.h4 Ne6 19.Nc4 Rd8 20.Ne3 Ng7 21.Bc4 Nd7 22.Ng4 Rf8
23.Nxh6+ Kh8 24.Qd2 Ne5 25.Bxe5 dxe5 26.Ng4  1-0

[Event "Chicago Open"]
[Site "Chicago USA"]
[Date "2004.05.29"]
[Round "2"]
[White "Tsyganov,I"]
[Black "Anka,E"]
[Result "0-1"]
[WhiteElo "2324"]
[BlackElo "2422"]

1.d4 Nf6 2.Nf3 e6 3.c4 Bb4+ 4.Nc3 c5 5.Qc2 cxd4 6.Nxd4 O-O 7.Bg5 d6 8.a3 Bxc3+
9.Qxc3 a6 10.e3 Nbd7 11.Bd3 b6 12.O-O Bb7 13.Qc2 h6 14.Bh4 Ne5 15.Rac1 d5
16.f4 Nxc4 17.Bxc4 Rc8 18.Bxf6 Qxf6 19.Qb3 dxc4 20.Qxb6 Rb8 21.Qa5 Qg6 22.Rf2 Qe4
23.Qe5 Qxe5 24.fxe5 Rfc8 25.Rfc2 Be4 26.Rxc4 Rxc4 27.Rxc4 Rxb2 28.Nf3 Bxf3
29.gxf3 Rb3 30.Kf2 Rxa3 31.Rc7 g5 32.Ra7 Kg7 33.h3 h5 34.Ra8 a5 35.e4 Ra2+
36.Ke3 h4 37.Ra7 a4 38.Ra8 a3 39.f4 Rh2 40.fxg5 Rxh3+ 41.Kf2 Kg6  0-1

[Event "3rd ACP Blitz Prelim3"]
[Site "playchess.com INT"]
[Date "2004.06.02"]
[Round "16"]
[White "Vasilevich,T"]
[Black "Macieja,B"]
[Result "0-1"]
[WhiteElo "2386"]
[BlackElo "2633"]

1.d4 Nf6 2.c4 e6 3.Nc3 Bb4 4.Nf3 c5 5.g3 Ne4 6.Qd3 Qa5 7.Qxe4 Bxc3+ 8.Bd2 Bxd2+
9.Nxd2 Nc6 10.dxc5 b6 11.cxb6 Bb7 12.f3 Qxb6 13.Bg2 O-O 14.e3 d5 15.cxd5 exd5
16.Qf4 Rfe8 17.O-O Rxe3 18.Kh1 Re2 19.Rae1 Rae8 20.Rxe2 Rxe2 21.Nb3 Rxb2
22.Re1 Qd8 23.Nc5 h6 24.Qc1 Qb6 25.Na4 Qf2 26.Nxb2 Nd4 27.Nd3 Qxa2 28.Qb2 Qxb2
29.Nxb2 a5 30.f4 Nb3 31.Re8+ Kh7 32.Rb8 Nc5 33.Na4 Nxa4 34.Rxb7 d4 35.Ra7 Nc3
36.Rxa5 d3 37.Ra1 d2 38.Bf3 g5 39.fxg5 hxg5 40.Bd1 Kg6 41.Bc2+ Kf6 42.Kg2 Ke5
43.Kf2 Kd4 44.h4 gxh4 45.gxh4 Nd5 46.h5 Kc3 47.Bd1 Kb2 48.Ra5 Nc3 49.Bg4 f5
50.Rxf5 Ne4+ 51.Ke3 Ng3 52.Rf2 Kc1 53.h6 d1=Q 54.Bxd1 Kxd1 55.h7 Nf5+ 56.Ke4 Nd6+
57.Kd5 Nb5 58.h8=Q Ke1 59.Ra2 Nc7+  0-1

[Event "3rd ACP Blitz Prelim3"]
[Site "playchess.com INT"]
[Date "2004.06.02"]
[Round "22"]
[White "Vasilevich,T"]
[Black "Psakhis,L"]
[Result "0-1"]
[WhiteElo "2386"]
[BlackElo "2545"]

1.d4 Nf6 2.c4 e6 3.Nc3 Bb4 4.Nf3 Bxc3+ 5.bxc3 b6 6.g3 Bb7 7.Bg2 O-O 8.O-O h6
9.Bf4 d6 10.a4 Be4 11.a5 Nc6 12.axb6 axb6 13.Nd2 Bxg2 14.Kxg2 Rxa1 15.Qxa1 e5
16.Be3 Ng4 17.Nb3 Nxe3+ 18.fxe3 Qg5 19.Qc1 Ra8 20.e4 Qg4 21.Qe3 Ra3 22.Rb1 exd4
23.cxd4 Na5 24.Kf2 Rxb3 25.Rxb3 Nxb3 26.Qxb3 Qxe4 27.e3 g6 28.Qb2 h5 29.Qc3 h4
30.gxh4 Qxh4+ 31.Kg2 Qe4+ 32.Kf2 Kh7 33.Qb2 Kh6 34.Qb5 Qh4+ 35.Kg2 Qg5+ 36.Kf3 Qh5+
37.Kg3 Qe2 38.Qb3 Kh5 39.Qb5+ f5 40.Qb3 g5 41.h3 Qe1+ 42.Kg2 Kh4 43.c5 Qg3+
44.Kf1 Qxh3+ 45.Ke2 Qg2+ 46.Ke1 dxc5 47.dxc5 bxc5 48.Qe6 Qe4 49.Qh6+ Kg4
50.Kd2 c4 51.Qh2 Qd3+ 52.Kc1 Qxe3+ 53.Kb2 f4 54.Qg2+ Kf5 55.Qa8 c3+ 56.Kb3 f3
57.Qc8+ Kf4 58.Qxc7+ Kg4 59.Qd7+ Kg3 60.Qd6+ Kg2 61.Qd5 g4 62.Qc6 g3 63.Qd5 Kg1
64.Qd1+ Kh2 65.Qd5 c2+ 66.Kxc2 g2 67.Qh5+ Kg1 68.Qg4 f2  0-1

[Event "ARM-ROW Match"]
[Site "Moscow RUS"]
[Date "2004.06.11"]
[Round "2"]
[White "Bacrot,E"]
[Black "Leko,P"]
[Result "1/2-1/2"]
[WhiteElo "2675"]
[BlackElo "2741"]

1.d4 Nf6 2.c4 e6 3.Nc3 Bb4 4.Nf3 c5 5.g3 cxd4 6.Nxd4 O-O 7.Bg2 d5 8.cxd5 Nxd5
9.Qb3 Nc6 10.Nxc6 bxc6 11.O-O Qa5 12.Bd2 Bxc3 13.bxc3 Ba6 14.Rfd1 Qc5 15.e4 Bc4
16.Qa4 Nb6 17.Qb4 Qh5 18.Be3 Be2 19.Rd2 Rab8 20.Bxb6 axb6 21.Qd6 Rfc8 22.Rb1 h6
23.e5 Bf3 24.a4 Ra8 25.Qd4 b5 26.Bxf3 Qxf3 27.Rd3  1/2-1/2

[Event "II Gyorgy Marx Mem IM"]
[Site "Paks HUN"]
[Date "2004.06.13"]
[Round "9"]
[White "Krutti,V"]
[Black "Petrienko,V"]
[Result "1/2-1/2"]
[WhiteElo "2377"]
[BlackElo "2425"]

1.d4 Nf6 2.c4 e6 3.Nf3 Bb4+ 4.Nc3 b6 5.Bg5 h6 6.Bh4 g5 7.Bg3 Ne4 8.Qc2 Bxc3+
9.bxc3 Bb7 10.e3 d6 11.Bd3 f5  1/2-1/2

[Event "ARM-ROW Match"]
[Site "Moscow RUS"]
[Date "2004.06.14"]
[Round "5"]
[White "Bacrot,E"]
[Black "Akopian,Vl"]
[Result "1/2-1/2"]
[WhiteElo "2675"]
[BlackElo "2689"]

1.d4 Nf6 2.c4 e6 3.Nc3 Bb4 4.Nf3 c5 5.g3 cxd4 6.Nxd4 O-O 7.Bg2 d5 8.cxd5 Nxd5
9.Qb3 Nc6 10.Nxc6 bxc6 11.O-O Qa5 12.Bd2 Bxc3 13.Bxc3 Nxc3 14.bxc3 Ba6 15.Qb4 Qc7
16.Bf3 Rab8 17.Qa3 Rb6 18.Rfd1 c5 19.Rd2 Bc4 20.Qa4  1/2-1/2

[Event "TCh-CRO"]
[Site "Rabac CRO"]
[Date "2004.06.24"]
[Round "6"]
[White "Vlaic,B"]
[Black "Troselj,T"]
[Result "1-0"]
[WhiteElo "2265"]
[BlackElo "2123"]

1.d4 e6 2.c4 Nf6 3.Nc3 Bb4 4.Nf3 b6 5.g3 Bb7 6.Bg2 O-O 7.O-O Bxc3 8.bxc3 d6
9.Re1 Be4 10.e3 c5 11.Bf1 Qc7 12.Nd2 Bb7 13.e4 cxd4 14.cxd4 e5 15.Bb2 Nc6
16.Nb3 Rfe8 17.d5 Nd8 18.f4 Nd7 19.Rc1 Bc8 20.Rc2 Nb7 21.f5 Nbc5 22.Bc1 a5
23.g4 a4 24.Nd2 Ba6 25.g5 Rab8 26.Qh5 f6 27.Nf3 Rec8 28.Rg2 b5 29.g6 h6 30.Bxh6 gxh6
31.g7 Qb6 32.Kh1 bxc4 33.Qxh6 Nd3 34.Qh8+ Kf7 35.g8=Q+ Rxg8 36.Qh7+  1-0

[Event "32nd World Open"]
[Site "Philadelphia USA"]
[Date "2004.07.04"]
[Round "7"]
[White "Stocek,J"]
[Black "Goletiani,R"]
[Result "1-0"]
[WhiteElo "2557"]
[BlackElo "2334"]

1.d4 Nf6 2.c4 e6 3.Nc3 Bb4 4.Nf3 c5 5.g3 cxd4 6.Nxd4 O-O 7.Bg2 d5 8.O-O e5
9.Nc2 Bxc3 10.bxc3 dxc4 11.Ba3 Qxd1 12.Rfxd1 Re8 13.Ne3 Nc6 14.Nxc4 h6 15.Rab1 g5
16.Nd6 Rd8 17.Rd3 Rd7 18.Nxc8 Rxc8 19.Rxd7 Nxd7 20.Rxb7 Nb6 21.Be4 Kg7 22.Bf5 Rd8
23.Rc7 Nc4 24.Rxc6 Nxa3 25.Bd3 Rb8 26.Ra6 Nb1 27.c4 Rb7 28.c5 Nc3 29.Ra3 Nb5
30.Rb3 a6 31.a4 Nd6 32.Rxb7 Nxb7 33.c6  1-0

[Event "FSGM July"]
[Site "Budapest HUN"]
[Date "2004.07.05"]
[Round "3"]
[White "Lorscheid,G"]
[Black "Ilincic,Z"]
[Result "0-1"]
[WhiteElo "2272"]
[BlackElo "2538"]

1.d4 Nf6 2.c4 e6 3.Nc3 Bb4 4.Nf3 b6 5.Bg5 h6 6.Bh4 Bb7 7.Nd2 Nc6 8.e3 g5
9.Bg3 Ne7 10.f3 Nf5 11.Bf2 c5 12.a3 cxd4 13.exd4 Be7 14.b4 a5 15.Rb1 axb4
16.axb4 Nh4 17.Nde4 Nh5 18.g3 Ng6 19.Bg2 d5 20.cxd5 exd5 21.Nd2 Qc8 22.Rb3 Bxb4
23.Rxb4 Qxc3 24.Rxb6 Ba6 25.Rb3 Qa5 26.Bf1 O-O 27.Bxa6 Qxa6 28.Be3 f5 29.Qe2 Qa1+
30.Rb1 Qc3 31.O-O f4 32.Rb3 Qc8 33.Rb6 fxe3 34.Qd3 Ngf4  0-1

[Event "19th North Sea Cup"]
[Site "Esbjerg DEN"]
[Date "2004.07.07"]
[Round "6"]
[White "Konstantinov,M"]
[Black "Svendsen,M"]
[Result "0-1"]
[WhiteElo "2276"]
[BlackElo "2151"]

1.d4 Nf6 2.c4 e6 3.Nc3 Bb4 4.Nf3 b6 5.e3 Bb7 6.Be2 O-O 7.O-O Bxc3 8.bxc3 d6
9.Nd2 c5 10.f4 Nc6 11.Ba3 Ne8 12.Bf3 f5 13.d5 Na5 14.dxe6 Bxf3 15.Rxf3 Nf6
16.Qc2 g6 17.e4 fxe4 18.Nxe4 Nxc4 19.Bc1 d5 20.Ng5 Nd6 21.Nxh7 Kxh7 22.f5 Rh8
23.Qd2 Kg7 24.Rg3 Nxf5 25.Rxg6+ Kxg6 26.Qg5+ Kh7 27.Qxf5+ Kg7 28.Qg5+ Kf8
29.Qg6 Qe7 30.Bg5 Qg7 31.e7+ Kg8 32.Qxf6 Qxf6 33.Bxf6 Rh6 34.Rf1 Re8 35.g4 Rxf6
36.Rxf6 Rxe7 37.Kf2 Re4 38.Kf3 Rc4 39.Rf5  0-1

[Event "3rd Open"]
[Site "La Fere FRA"]
[Date "2004.07.09"]
[Round "9"]
[White "Dumitrache,D"]
[Black "Dobrev,N"]
[Result "1/2-1/2"]
[WhiteElo "2470"]
[BlackElo "2415"]

1.d4 Nf6 2.c4 e6 3.Nc3 Bb4 4.Nf3 O-O 5.Bg5 c5 6.Qb3 Nc6 7.a3 Qa5 8.Bxf6 gxf6
9.e3 cxd4 10.exd4 Bxc3+ 11.bxc3 b6 12.Bd3 Ba6 13.O-O Kh8 14.Rfe1 Rg8 15.Re3 Rac8
16.d5 Ne7 17.Nd2 Nxd5 18.cxd5 Rxc3 19.Qb2 Bxd3 20.Rxd3 Rxd3 21.Qxf6+ Rg7
22.Rc1 Qa6 23.Ne4 Qc4 24.Qd8+  1/2-1/2

[Event "22nd Open"]
[Site "Andorra la Vella AND"]
[Date "2004.07.10"]
[Round "8"]
[White "Campos Moreno,J"]
[Black "Palo,D"]
[Result "0-1"]
[WhiteElo "2491"]
[BlackElo "2513"]

1.d4 Nf6 2.c4 e6 3.Nc3 Bb4 4.Nf3 O-O 5.Bg5 c5 6.e3 h6 7.Bh4 cxd4 8.exd4 Qa5
9.Qc2 Ne4 10.Rc1 d5 11.a3 Bxc3+ 12.bxc3 Nc6 13.Bg3 Qxa3 14.Bd3 Bd7 15.Bf4 Qe7
16.Bxe4 dxe4 17.Qxe4 b6 18.O-O Rfe8 19.Ra1 f6 20.Rfe1 Qf7 21.h3 Ne7 22.Nd2 Qg6
23.Qxg6 Nxg6 24.Bd6 Nh4 25.g4 Bc6 26.c5 bxc5 27.Bxc5 a5 28.Kh2 a4 29.Kg3 g5
30.f4 Ng2 31.Reb1 Nxf4 32.Rb6 Rec8 33.c4 a3 34.Rxa3 Rxa3+ 35.Bxa3 Ne2+ 36.Kf2 Nxd4
37.Bb2 e5 38.Bxd4 exd4 39.Nb3 d3 40.Ke3 Kf7 41.Nd4 Bg2 42.Kxd3 Bxh3 43.Nf5 Rc7
44.Ne3 Kg6 45.Kd4 Rd7+ 46.Ke4 Rf7 47.Rb8 Bxg4  0-1

[Event "Canadian Open"]
[Site "Kapuskasing CAN"]
[Date "2004.07.11"]
[Round "3"]
[White "Moiseenko,A"]
[Black "Arencibia,W"]
[Result "1/2-1/2"]
[WhiteElo "2640"]
[BlackElo "2531"]

1.d4 e6 2.c4 Nf6 3.Nc3 Bb4 4.Nf3 c5 5.g3 cxd4 6.Nxd4 Ne4 7.Qd3 Bxc3+ 8.bxc3 Nc5
9.Qf3 Nc6 10.Bf4 O-O 11.Bg2 b6 12.Nxc6 dxc6 13.Rd1 Qf6 14.Bd6 Qxf3 15.Bxf3 Rd8
16.Bxc5 Rxd1+ 17.Kxd1 bxc5 18.Bxc6 Rb8 19.Kc2 Kf8 20.Rd1 Ke7 21.f4 Rb6 22.Bb5 Rd6
23.Re1 f6 24.Kc1 Bb7 25.Ba4 Ra6 26.Bb3 Be4 27.Kd2 f5 28.Ke3 h5 29.Rd1 Ra3
30.Kd2 Ra6 31.Kc1 Rd6 32.Ba4 Rxd1+ 33.Kxd1 a6 34.Kc1 Kd8 35.Kb2 Ke7 36.Ka3 Kd8
37.e3 g6 38.Kb2 Bd3 39.Bb3 Ke7 40.Kc1 Be4 41.Kd2 Kd6 42.Ke1 Ke7 43.Kf2 Kd6
44.Ba4 Ke7 45.a3 Kd8 46.h3 Ke7 47.Bd1 Kf6 48.Ba4 Ke7 49.Ke2 Bg2 50.h4 Be4  1/2-1/2

[Event "Glassy Stream Open"]
[Site "Kharkov UKR"]
[Date "2004.07.12"]
[Round "5"]
[White "Dvoretska,O"]
[Black "Gorbatenko,K"]
[Result "1/2-1/2"]
[WhiteElo "2166"]
[BlackElo "1951"]

1.d4 Nf6 2.c4 e6 3.Nc3 Bb4 4.Nf3 c5 5.e3 Nc6 6.Bd3 Bxc3+ 7.bxc3 d6 8.O-O h6
9.e4 e5 10.d5 Ne7 11.Nh4 g5 12.Nf5 Nxf5 13.exf5 Bd7 14.Re1 Qc7 15.f4 gxf4
16.Bxf4 O-O-O 17.Bg3 Rde8 18.Bh4 Nh7 19.Qd2 f6 20.Be4 Reg8 21.a4 Ng5 22.Bxg5 Rxg5
23.Rf1 Kb8 24.a5 Bc8 25.Ra2 Rhg8 26.Qd3 h5 27.Rb1 Ka8 28.Rf1  1/2-1/2

[Event "Open"]
[Site "Condom FRA"]
[Date "2004.07.13"]
[Round "5"]
[White "Sulypa,A"]
[Black "Pucher,O"]
[Result "0-1"]
[WhiteElo "2469"]
[BlackElo "2294"]

1.d4 Nf6 2.c4 e6 3.Nc3 Bb4 4.Nf3 b6 5.Qc2 Bb7 6.a3 Bxc3+ 7.Qxc3 Ne4 8.Qc2 O-O
9.g3 f5 10.Bg2 Nf6 11.O-O Be4 12.Qc3 Qe7 13.b3 c5 14.dxc5 bxc5 15.b4 a5 16.bxc5 Qxc5
17.Be3 Qc7 18.Rac1 Na6 19.Bf4 d6 20.Rfd1 e5 21.Be3 Rfc8 22.Qd2 Rd8 23.Bg5 Qe7
24.Qxa5 Nc5 25.Qc3 h6 26.Bxf6 Qxf6 27.Ne1 f4 28.Nc2 Rf8 29.Rf1 g5 30.Nb4 Bxg2
31.Kxg2 g4 32.f3 Qg6 33.Nd5 Ra7 34.Rf2 Rg7 35.Rg1 Qh5 36.fxg4 Rxg4 37.Rf3 fxg3
38.Rxf8+ Kxf8 39.Qf3+ Qf7 40.Qxf7+ Kxf7 41.hxg3 Ne4 42.Kf3 h5 43.Ne3 Nd2+
44.Kg2 Re4 45.Nf5 Rxe2+ 46.Kh3 Nxc4 47.Kh4 Kf6 48.g4 hxg4 49.Rxg4 Kxf5 50.Rxc4 Re4+
51.Rxe4 Kxe4 52.Kg4 Kd4  0-1

[Event "XIII Open"]
[Site "Castellar del Valles ESP"]
[Date "2004.07.19"]
[Round "6"]
[White "Comas Fabrego,L"]
[Black "Vehi Bach,V"]
[Result "1-0"]
[WhiteElo "2490"]
[BlackElo "2379"]

1.d4 Nf6 2.c4 e6 3.Nc3 Bb4 4.Nf3 b6 5.Bg5 Bb7 6.e3 Bxc3+ 7.bxc3 d6 8.Nd2 h6
9.Bh4 Nbd7 10.f3 Qe7 11.Be2 e5 12.e4 c5 13.Nf1 g5 14.Bf2 Nh5 15.Ne3 Ng7 16.O-O O-O
17.Re1 f5 18.exf5 Nxf5 19.Nxf5 Rxf5 20.Bd3 Rf6 21.Bg3 Qg7 22.Be4 Bxe4 23.Rxe4 exd4
24.cxd4 Qf7 25.Qe2 Nf8 26.d5 Ng6 27.Re1 Rf8 28.Qc2 b5 29.cxb5 Qxd5 30.Rd1 Qb7
31.Qc4+ Kh7 32.Rxd6  1-0

[Event "Aegean Open"]
[Site "Agios Kirykos GRE"]
[Date "2004.07.20"]
[Round "9"]
[White "Skaperdas,K"]
[Black "Sigalas,F"]
[Result "0-1"]
[WhiteElo "2217"]
[BlackElo "2277"]

1.d4 e6 2.c4 Nf6 3.Nf3 Bb4+ 4.Nc3 O-O 5.Bg5 c5 6.e3 h6 7.Bh4 cxd4 8.exd4 Qa5
9.Qc2 Ne4 10.Rc1 d5 11.Bd3 Qxa2 12.Bxe4 dxe4 13.Nd2 Qa5 14.Qxe4 f5 15.Qd3 e5
16.f4 exd4 17.Qxd4 Re8+ 18.Kd1 Nc6 19.Qd5+ Be6 20.Qxa5 Nxa5 21.b3 b5 22.Nxb5 Bxd2
23.Kxd2 Nxb3+ 24.Kc2 Nxc1 25.Nc7 Ne2 26.Nxa8 Bxc4 27.Nc7 Rc8  0-1

[Event "Quebec Open"]
[Site "Montreal CAN"]
[Date "2004.07.23"]
[Round "7"]
[White "Barsov,A"]
[Black "Patterson,Ro"]
[Result "1-0"]
[WhiteElo "2497"]
[BlackElo "2187"]

1.d4 Nf6 2.c4 e6 3.Nc3 Bb4 4.Nf3 b6 5.Bg5 h6 6.Bh4 g5 7.Bg3 Ne4 8.Qc2 Bb7
9.e3 Bxc3+ 10.bxc3 d6 11.Nd2 Nxg3 12.hxg3 Nd7 13.Rh2 Qe7 14.Be2 O-O-O 15.Bf3 Bxf3
16.gxf3 f5 17.Qa4 a5 18.Ke2 Nf6 19.Qb5 Qe8 20.Qa6+ Kd7 21.c5 dxc5 22.Nc4 Ke7
23.Ne5 Rh7 24.a4 cxd4 25.cxd4 Kf8 26.Kf1 Nd7 27.Nd3 e5 28.Qb5 exd4 29.Qxf5+ Qf7
30.Qxf7+ Kxf7 31.exd4 Nf6 32.Ne5+ Ke6 33.Re1 Kd5 34.f4 gxf4 35.gxf4 Re8 36.Rg2 Rg8
37.Ng6 Kxd4 38.Re6 Ne4 39.f5 Ng5 40.Rg4+ Kc5 41.Re5+ Kc6 42.f4 Nf3 43.Kf2 Nxe5
44.Nxe5+ Kd6 45.Rxg8 Ke7 46.Rg6 h5 47.f6+  1-0

[Event "Skanska Open"]
[Site "Pardubice CZE"]
[Date "2004.07.23"]
[Round "1"]
[White "Lorscheid,G"]
[Black "Azarov,S"]
[Result "0-1"]
[WhiteElo "2296"]
[BlackElo "2544"]

1.d4 Nf6 2.c4 e6 3.Nc3 Bb4 4.Nf3 b6 5.Bg5 Bb7 6.Nd2 h6 7.Bh4 c5 8.a3 Bxc3
9.bxc3 d6 10.f3 Nc6 11.Nb3 Qe7 12.e4 O-O-O 13.Be2 g5 14.Bf2 h5 15.Qd2 h4
16.Be3 Rdg8 17.d5 Ne5 18.Bxg5 Ba6 19.Qf4 Nh5 20.Qxe5 Qxg5 21.Qxg5 Rxg5 22.g4 Nf4
23.Bf1 f5 24.exf5 exf5 25.h3 Rg7 26.Kf2 Rf8 27.Nd2 Kc7 28.Re1 Bc8 29.Rg1 Rgf7
30.gxf5 Bxf5 31.Ne4 Bxe4 32.Rxe4 b5 33.Rg4 bxc4 34.Bxc4 Nxh3+ 35.Kg2 Nf4+
36.Kh2 h3 37.a4 Kb6 38.Rg1 Ka5 39.Rb1 a6 40.Rg1 Rb8 41.Kg3 Rg7+ 42.Kh2 Rb2+
43.Kh1 Rgg2  0-1

[Event "Politiken Cup"]
[Site "Copenhagen DEN"]
[Date "2004.07.26"]
[Round "4"]
[White "Johannessen,LE"]
[Black "Ekeberg,C"]
[Result "1-0"]
[WhiteElo "2538"]
[BlackElo "2298"]

1.d4 Nf6 2.c4 e6 3.Nc3 Bb4 4.Nf3 c5 5.e3 Nc6 6.Bd3 Bxc3+ 7.bxc3 d6 8.e4 e5
9.d5 Ne7 10.Nd2 Ng6 11.g3 Bh3 12.f3 h5 13.Nf1 Qd7 14.Ne3 Ne7 15.Bd2 Kd8 16.Qe2 Ne8
17.Nd1 Qc7 18.Nf2 Bc8 19.O-O-O Ng6 20.f4 Qe7 21.f5 Nf8 22.h4 Kc7 23.g4 hxg4
24.Nxg4 Bd7 25.Kb2 Nh7 26.Rdg1 Qf8 27.Qg2 Rg8 28.h5 Nef6 29.Nf2 Qe7 30.Qf3 Raf8
31.Rh2 Ne8 32.Rhg2 Qf6 33.Qe2 Qh4 34.Be3 Rh8 35.Rg4 Qe7 36.R4g3 Qh4 37.Ka1 b6
38.Qd2 Qf6 39.h6 Rfg8 40.Ng4 Qe7 41.Nh2 Nhf6 42.hxg7 Rh7 43.R3g2 Nh5 44.Bh6 Nhxg7
45.Nf3 Kb7 46.Qe3 Kb8 47.f6 Qxf6 48.Bg5 Qg6 49.Nh4 Rxh4 50.Bxh4 Qh7 51.Be7 Kc7
52.Qf2 Rh8 53.Qxf7 Nh5 54.Qxh7 Rxh7 55.Bg5 Rf7 56.Rh2 Nf4 57.Rf1 Ng7 58.Rh7 Be8
59.Bxf4 exf4 60.Rg1  1-0

[Event "Open Dutch Champ"]
[Site "Dieren NED"]
[Date "2004.07.31"]
[Round "5"]
[White "Pedersen,NV"]
[Black "Van der Wiel,J"]
[Result "1/2-1/2"]
[WhiteElo "2471"]
[BlackElo "2502"]

1.d4 Nf6 2.c4 e6 3.Nc3 Bb4 4.Nf3 c5 5.g3 Ne4 6.Qd3 Qa5 7.Qxe4 Bxc3+ 8.Bd2 Bxd2+
9.Nxd2 Nc6 10.dxc5 b6 11.Bg2 Bb7 12.Qf4 bxc5 13.Qd6 Nd8 14.Bxb7 Nxb7 15.Qd3 Rd8
16.O-O  1/2-1/2

[Event "3rd Pro-Am Open"]
[Site "Guelph CAN"]
[Date "2004.07.31"]
[Round "5"]
[White "Livshits,R"]
[Black "Burnett,R"]
[Result "1-0"]
[WhiteElo "2346"]
[BlackElo "2439"]

1.d4 Nf6 2.c4 e6 3.Nc3 Bb4 4.Nf3 c5 5.e3 Nc6 6.Bd3 Bxc3+ 7.bxc3 d6 8.e4 e5
9.d5 Ne7 10.Nd2 O-O 11.Nf1 Ne8 12.Bg5 f6 13.Be3 f5 14.f3 Nf6 15.Nd2 fxe4
16.Nxe4 Nxe4 17.fxe4 Ng6 18.g3 Qa5 19.Bd2 Bd7 20.h4 Ne7 21.Rb1 Rab8 22.Rb2 Kh8
23.Qe2 Qc7 24.h5 Qc8 25.Rh4 Ng8 26.h6 g6 27.Bg5 Rf7 28.Qe3 Qc7 29.Rhh2 Qa5
30.Rhf2 Qxc3+ 31.Kf1 Qxb2 32.Rxf7 Bh3+ 33.Ke1 Qa1+ 34.Kd2 Qxa2+ 35.Bc2 Qa5+
36.Kc1 Qa1+ 37.Bb1 Bg4 38.Qb3 b5 39.Qb2 Qa4 40.Bc2 Qxc4 41.Qa3 Ra8 42.Qa6 Nxh6
43.Bf6+ Kg8 44.Rg7+  1-0

[Event "3rd Pro-Am Open"]
[Site "Guelph CAN"]
[Date "2004.07.31"]
[Round "5"]
[White "Moiseenko,A"]
[Black "Lapshun,Y"]
[Result "1/2-1/2"]
[WhiteElo "2640"]
[BlackElo "2444"]

1.d4 Nf6 2.c4 e6 3.Nc3 Bb4 4.Nf3 c5 5.g3 Ne4 6.Qd3 cxd4 7.Nxd4 Bxc3+ 8.bxc3 Nc5
9.Qf3 d6 10.Bg2 Nbd7 11.O-O Ne5 12.Qf4 Bd7 13.Nb5 Qb6 14.a4 Bxb5 15.cxb5 O-O
16.Be3 Rac8 17.Rfd1 Rfd8 18.h4 Qc7 19.Bxc5 Qxc5 20.Bxb7 Rb8 21.Qd4 Qc7 22.Bg2 f5
23.e4 f4 24.gxf4 Ng6 25.Qe3 Rf8 26.f5 exf5 27.exf5 Rbe8 28.Qg5 Re5 29.Rd5 Rfxf5
30.Qxf5 Rxf5 31.Rxf5 Qxc3 32.Rf1 Qc2 33.Bd5+ Kh8 34.Rf7 Qxa4 35.h5 Qg4+ 36.Bg2 Qxh5
37.Rxa7 h6 38.b6 Nf4 39.Ra8+ Kh7 40.Be4+ Ng6 41.Re1  1/2-1/2

[Event "It A"]
[Site "Montreal CAN"]
[Date "2004.08.04"]
[Round "1"]
[White "Moiseenko,A"]
[Black "Rozentalis,E"]
[Result "1/2-1/2"]
[WhiteElo "2640"]
[BlackElo "2619"]

1.d4 Nf6 2.c4 e6 3.Nc3 Bb4 4.Nf3 O-O 5.Bg5 h6 6.Bh4 b6 7.e4 g5 8.Nxg5 hxg5
9.Bxg5 Be7 10.Bh6 d6 11.Qf3 e5 12.dxe5 Ng4 13.exd6 Qxd6 14.Bxf8 Kxf8 15.h3 Qh6
16.e5 c6 17.Qe4 Qh8 18.Be2 Nxe5 19.O-O f5 20.Qc2 Na6 21.Rad1 Be6 22.Rfe1 Kf7
23.Bh5+ Qxh5 24.Rxe5 Rg8 25.Ne2 Qxh3 26.Nf4 Qg4 27.Rxe6 Qxf4 28.Rde1 Rxg2+
29.Kxg2 Qg4+ 30.Kf1 Qh3+ 31.Kg1 Qg4+ 32.Kf1 Qh3+ 33.Kg1  1/2-1/2

[Event "It A"]
[Site "Montreal CAN"]
[Date "2004.08.08"]
[Round "5"]
[White "Moiseenko,A"]
[Black "Bluvshtein,M"]
[Result "1/2-1/2"]
[WhiteElo "2640"]
[BlackElo "2462"]

1.d4 Nf6 2.c4 e6 3.Nc3 Bb4 4.Nf3 c5 5.g3 Ne4 6.Qd3 Qa5 7.Qxe4 Bxc3+ 8.Bd2 Bxd2+
9.Nxd2 Nc6 10.d5 Nd4 11.Bg2 Nb3 12.Rd1 Qxa2 13.O-O Qxb2 14.Nf3 a5 15.dxe6 dxe6
16.Ng5 f5 17.Qd3 O-O 18.Nxh7 Kxh7 19.Rb1 Qd4 20.Qxb3 a4 21.Qc2 Rd8 22.Rfd1 Qf6
23.Rxd8 Qxd8 24.Ra1 a3 25.e4 Qd4 26.Ra2 Bd7 27.exf5 exf5 28.Qe2 Kg6 29.Bd5 Bc6
30.Bxc6 bxc6 31.Qe6+ Qf6 32.Qe3 Qf7 33.Qxc5 Qe6 34.Rxa3 Rxa3 35.Qxa3 Qxc4
36.Qd6+ Kh7 37.Qd1 Qe4 38.Qc1 Qd5 39.Qg5 Kg8 40.Qe7 Kh7 41.Qg5 Qe5 42.g4 Qe1+
43.Kg2 Qe4+ 44.f3 Qe2+ 45.Kg3 Qe1+  1/2-1/2

[Event "ch-CAN"]
[Site "Toronto CAN"]
[Date "2004.08.20"]
[Round "1"]
[White "Feoktistov,D"]
[Black "Mikanovic,G"]
[Result "0-1"]
[WhiteElo "2146"]
[BlackElo "2278"]

1.d4 Nf6 2.c4 e6 3.Nc3 Bb4 4.Nf3 O-O 5.Bg5 h6 6.Bh4 b6 7.e3 Bb7 8.Be2 d6
9.O-O Bxc3 10.bxc3 Nbd7 11.Nd2 e5 12.f4 exf4 13.exf4 Re8 14.Bf3 Qc8 15.g4 Ne4
16.Nxe4 Bxe4 17.Bxe4 Rxe4 18.Qf3 Qb7 19.g5 h5 20.Qxh5 Rae8 21.Rf3 Re3 22.Raf1 Qe4
23.Qg4 Nf8 24.Qg2 Ng6 25.Bg3 Rxc3 26.f5 Nh4 27.Bxh4 Rxf3 28.Qxf3 Qxh4 29.Qf4 Re4
30.Qxh4 Rxh4 31.c5 Rxd4 32.cxd6 cxd6 33.h3 Rd5 34.Kh2 Rd2+ 35.Kg3 Rxa2 36.Rc1 Ra5
37.Rc8+ Kh7 38.Kg4 Rc5 39.Rd8 Rc7 40.Rxd6 b5 41.Kh5 Rc5 42.Rd7 Rxf5 43.Rxa7 g6+
44.Kg4 Kg7 45.Rb7 Rc5 46.Rb8 Rc4+ 47.Kg3 b4 48.Rb7 Rc3+ 49.Kh4 Rb3 50.Rb8 Rb1
51.Rb7 b3 52.Rb8 b2 53.Rb7 Kf8 54.Rb8+ Ke7 55.Rb7+ Kd6 56.Rb6+ Kc5 57.Rb8 Kc6
58.Rb3 Kc7 59.Rb4 Kd6 60.Rb6+ Ke7 61.Rb7+ Kf8 62.Rb8+ Kg7 63.Rb7 Kh8 64.Rb8+ Kh7
65.Rb7 Kg7 66.Rb6 f5 67.gxf6+ Kf7 68.Rb7+ Kxf6 69.Rb6+ Kg7 70.Rb7+ Kf6 71.Rb6+ Ke5
72.Rb5+ Kd4 73.Rb8 g5+ 74.Kh5 g4 75.Rd8+ Ke5 76.Rd2 gxh3 77.Kh4 Ke4 78.Re2+ Kd3
79.Rh2 Kc4 80.Kxh3 Kb3  0-1

[Event "XVI Open"]
[Site "Porto San Giorgio ITA"]
[Date "2004.08.22"]
[Round "2"]
[White "Efimov,I"]
[Black "Del Monaco,A"]
[Result "1-0"]
[WhiteElo "2491"]
[BlackElo "2208"]

1.d4 Nf6 2.c4 e6 3.Nc3 Bb4 4.Nf3 Ne4 5.Qc2 Nxc3 6.bxc3 Be7 7.e4 d6 8.Bd3 Nd7
9.O-O e5 10.Be3 c5 11.Rae1 O-O 12.Kh1 Re8 13.Nd2 Nf6 14.f4 Ng4 15.Bg1 exf4
16.Rxf4 Bg5 17.Rf3 f5 18.h3 Nf6 19.e5 g6 20.Bh2 cxd4 21.cxd4 d5 22.cxd5 Nxd5
23.Nc4 Be6 24.Nd6 Re7 25.Bc4 Qb6 26.Rd3 Rc7 27.Rb1 Qc6 28.Rb5 Kh8 29.Rc5 Nb4
30.Rxc6 Rxc6 31.Qb3 Nxd3 32.Qxd3 Bxc4 33.Nxc4 Rac8 34.h4 Bh6 35.Nd6 Rc3 36.Qb5 Rc1+
37.Bg1 Rf8 38.e6  1-0